01294cam a22002891a 4500001001300000003000400013005001700017008004100034010001700075035002000092040004800112042001200160050002700172051001600199100005900215245006400274260003300338300002000371490007900391500007100470501021400541504004100755530006900796650002200865830006600887856005100953e 20000305 DLC20260227111211.0860724s1919 dcu f000 0 eng c ae 20000305  a(OCoLC)13922702 aU.S. Off. of Educ. LibrarycABAUdABAUdDLC apremarc00aL111b.A6 1919, no. 57 aLA1312b.M71 aMontgomery, Walter A.q(Walter Alexander),d1872-1949.10aEducational conditions in Japan /cby Walter A. Montgomery. aWashington :bG.P.O.,c1919. a16 p. ;c23 cm.1 aBulletin / Department of the Interior, Bureau of Education ;v1919, no. 57 a"Advance sheets from the Biennial survey of education, 1916-1918." aCopies 1 and 2 of L111.A6 with: Application of commercial advertising methods to university extension / Mary Burchard Orvis. Washington : Govt. Print. Off., 1919. Bound together subsequent to publication.5DLC aIncludes bibliographical references. aAlso available in digital form on the Internet Archive Web site. 0aEducationzJapan. 0aBulletin (United States. Bureau of Education) ;v1919, no. 5741uhttp://hdl.loc.gov/loc.gdc/scd0001.00198443372